[Event "Canovelles op-B"]
[Site "Canovelles"]
[Date "1999.??.??"]
[Round "2"]
[White "Puigdomenech Capdevila, J."]
[Black "Rodriguez Alcaraz, Jose"]
[Result "1/2-1/2"]
[WhiteElo "1700"]
[BlackElo "1750"]
[PlyCount "52"]
[EventDate "1999.??.??"]
[EventType "swiss"]
[EventRounds "9"]
[EventCountry "ESP"]
[SourceTitle "EXT 2000"]
[Source "ChessBase"]
[SourceDate "1999.11.16"]
[SourceVersion "1"]
[SourceVersionDate "1999.11.16"]
[SourceQuality "1"]

1. e4 e5 2. d4 d6 3. Nf3 Bg4 4. Be2 Bxf3 5. Bxf3 Nf6 6. dxe5 dxe5 7. Qxd8+ Kxd8 8. Bd2 Nc6 9. Na3 Bxa3 10. bxa3 Nd4 11. 0-0-0 Ke8 12. Bc3 Rd8 13. Rd3 Ke7 14. Rhd1 c5 15. h4 Ke6 16. g4 Nd7 17. Bg2 Ne2+ 18. Kb2 Nf4 19. Rd6+ Ke7 20. Bf1 f6 21. g5 Nb6 22. Rxd8 Rxd8 23. Rxd8 Kxd8 24. Kb3 Ke7 25. a4 Nd7 26. a5 b6 1/2-1/2